000 00313nam a2200121Ia 4500
008 220120s9999||||xx |||||||||||||| ||und||
082 _a823 WAT
100 _aWatson, James
245 0 _aTalking in whispers
260 _aCollins Readers
_bNew Delhi
_c1983
300 _a513p.;28cm
_b0
650 _aCOMPUTER PROGRAMS
999 _c137469
_d137469